000 00216nam a22000857a 4500
008 170228b xxu||||| |||| 00| 0 eng d
100 _92961
_aTayal.B.B
245 _aC World Pliticals-XII P-A
260 _aNew Delhi
_bAP
_c2011
999 _c6205
_d6205